[Event "ODJM B 2014"]
[Site "Magdeburg GER"]
[Date "2014.06.10"]
[Round "5"]
[White "Kalina, Joshua"]
[Black "Buller, Ian Joshua"]
[Result "1-0"]
[Termination "normal"]
[Board "19"]
[WhiteElo "1090"]
[BlackElo "1244"]
[PlyCount "79"]
[BlackFideId "12990655"]
[EventCountry "GER"]
[EventRounds "9"]
[EventType "swiss"]
[EventDate "2014.06.07"]

1. e4 c5 2. Nf3 d6 3. d4 cxd4 4. Nxd4 a6 5. Nc3 g6 6. Be3 Bg7 7. Bc4 Nf6 8. Qd2
O-O 9. Bh6 b5 10. Bxg7 Kxg7 11. Bd3 Bb7 12. f4 e5 13. Nf3 exf4 14. Qxf4 Re8 15.
O-O b4 16. Ne2 Bxe4 17. Bxe4 Rxe4 18. Qd2 Nc6 19. Ng3 Re7 20. Nf5+ gxf5 21.
Qg5+ Kf8 22. Qh6+ Kg8 23. Qg5+ Kf8 24. Qxf6 Rc7 25. Qh8+ Ke7 26. Qxh7 Ke6 27.
Rae1+ Ne5 28. Nxe5 dxe5 29. Qxf5+ Ke7 30. Qxe5+ Kd7 31. Rd1+ Kc6 32. Rxd8 Rxd8
33. Qf6+ Kb7 34. Qxd8 a5 35. Qd5+ Kc8 36. Rxf7 Rxf7 37. Qxf7 a4 38. Kf2 b3 39.
cxb3 axb3 40. a3 1-0

[Event "ODJM B 2014"]
[Site "Magdeburg GER"]
[Date "2014.06.10"]
[Round "5"]
[White "Pahl, Erik"]
[Black "Grothe, Pascal"]
[Result "1/2-1/2"]
[Termination "normal"]
[Board "20"]
[WhiteElo "1028"]
[BlackElo "1236"]
[PlyCount "85"]
[WhiteFideId "16201272"]
[EventCountry "GER"]
[EventRounds "9"]
[EventType "swiss"]
[EventDate "2014.06.07"]

1. e4 e5 2. Nf3 Nc6 3. Bc4 Bc5 4. c3 Nf6 5. d4 exd4 6. cxd4 Bb4+ 7. Bd2 d5 8.
exd5 Nxd5 9. O-O Be6 10. Bb5 a6 11. Bxc6+ bxc6 12. Qc2 Qd6 13. a3 Bxd2 14.
Nbxd2 O-O 15. Ne4 Bf5 16. Rfe1 Bxe4 17. Rxe4 f6 18. Rae1 Qd7 19. Re6 Rfe8 20.
Qxc6 Qxc6 21. Rxc6 Rxe1+ 22. Nxe1 Kf7 23. Rc5 Rd8 24. b4 Ke7 25. Nf3 Kd6 26.
Ra5 Kc6 27. Rc5+ Kb6 28. Kf1 c6 29. Kg1 g6 30. g3 Ne7 31. Kf1 Rd5 32. Ke2 Rxc5
33. dxc5+ Kb5 34. Nd2 Ka4 35. Nc4 Kb5 36. Kd3 Nd5 37. Nb2 Nxb4+ 38. axb4 Kxb4
39. Kd4 a5 40. Nc4 a4 41. f3 a3 42. Nxa3 Kxa3 43. Kc4 1/2-1/2

[Event "ODJM B 2014"]
[Site "Magdeburg GER"]
[Date "2014.06.10"]
[Round "5"]
[White "Grey, Andrea"]
[Black "Schneider, Edward"]
[Result "1-0"]
[Termination "normal"]
[Board "21"]
[WhiteElo "1205"]
[BlackElo "1078"]
[PlyCount "47"]
[WhiteFideId "12971880"]
[BlackFideId "16200870"]
[EventCountry "GER"]
[EventRounds "9"]
[EventType "swiss"]
[EventDate "2014.06.07"]

1. e4 e5 2. Nf3 Nc6 3. d4 exd4 4. Nxd4 Nxd4 5. Qxd4 Nf6 6. Nc3 d6 7. Be3 Be7 8.
Bc4 c5 9. Qd2 O-O 10. f3 h6 11. g4 Nh7 12. O-O-O Rb8 13. Qf2 Bd7 14. h4 b5 15.
Bd5 a5 16. f4 b4 17. Ne2 Bxg4 18. Rdg1 Bd7 19. Qg3 g5 20. hxg5 hxg5 21. fxg5
Kg7 22. g6 Nf6 23. Bh6+ Kg8 24. gxf7+ 1-0

[Event "ODJM B 2014"]
[Site "Magdeburg GER"]
[Date "2014.06.10"]
[Round "5"]
[White "von Schoenebeck, Konstantin"]
[Black "Lilienthal, Niels Bennett"]
[Result "1-0"]
[Termination "normal"]
[Board "22"]
[WhiteElo "1023"]
[BlackElo "1167"]
[PlyCount "59"]
[WhiteFideId "12977349"]
[BlackFideId "16205421"]
[EventCountry "GER"]
[EventRounds "9"]
[EventType "swiss"]
[EventDate "2014.06.07"]

1. e4 c5 2. Nf3 Nc6 3. d4 cxd4 4. Nxd4 Nf6 5. Nc3 g6 6. Nxc6 bxc6 7. e5 Nh5 8.
Be3 Bg7 9. f4 f6 10. Be2 fxe5 11. fxe5 Bxe5 12. Bxh5 gxh5 13. Qxh5+ Kf8 14.
Qxe5 Rg8 15. O-O+ Ke8 16. Qf5 d6 17. Qf7+ Kd7 18. Bc5 Kc7 19. Rad1 Bh3 20. Rf2
Kc8 21. Ne4 Bd7 22. Bxd6 exd6 23. Nxd6+ Kc7 24. Nb7 Qc8 25. Nc5 Rd8 26. Ne6+
Kb6 27. Nxd8 Qc7 28. Rxd7 Qe5 29. Rb7+ Kc5 30. Rf5 1-0

[Event "ODJM B 2014"]
[Site "Magdeburg GER"]
[Date "2014.06.10"]
[Round "5"]
[White "Yi, Wendy"]
[Black "Fromm, Marius"]
[Result "1/2-1/2"]
[Termination "normal"]
[Board "23"]
[WhiteElo "1159"]
[BlackElo "899"]
[PlyCount "119"]
[WhiteFideId "16224850"]
[BlackFideId "12993190"]
[EventCountry "GER"]
[EventRounds "9"]
[EventType "swiss"]
[EventDate "2014.06.07"]

1. e4 e5 2. Nf3 Nc6 3. Bc4 Bc5 4. c3 Nf6 5. d4 exd4 6. cxd4 Bb4+ 7. Nc3 Nxe4 8.
O-O Bxc3 9. bxc3 O-O 10. d5 Na5 11. Bd3 Nf6 12. Bg5 d6 13. Qc2 h6 14. Bh4 Bg4
15. Nd2 c6 16. Qa4 Bd7 17. Bxf6 gxf6 18. Qh4 Kg7 19. c4 f5 20. Qd4+ Qf6 21. Qe3
Rae8 22. Qf3 Rg8 23. Rfe1 Rxe1+ 24. Rxe1 Qg5 25. Nf1 Kf8 26. Ng3 Qd2 27. Re2
Qc1+ 28. Nf1 Qg5 29. h3 f4 30. Nd2 f5 31. g3 fxg3 32. fxg3 Qxg3+ 33. Rg2 Qxg2+
34. Qxg2 Rxg2+ 35. Kxg2 cxd5 36. cxd5 Kg7 37. Nf3 Kf6 38. Kg3 f4+ 39. Kxf4 Bxh3
40. Nd4 a6 41. Bf5 Bg2 42. Be4 Bxe4 43. Kxe4 Nc4 44. Kf4 Ne5 45. Nf5 Nf7 46.
Nd4 b5 47. Ne6 b4 48. Nd4 Ne5 49. Nf5 Nd3+ 50. Ke4 Nc5+ 51. Kf4 b3 52. axb3
Nxb3 53. Nxd6 a5 54. Ne4+ Ke7 55. Ke5 a4 56. d6+ Kd8 57. Nc3 a3 58. Kf6 Kd7 59.
Kg6 Kxd6 60. Nb5+ 1/2-1/2

[Event "ODJM B 2014"]
[Site "Magdeburg GER"]
[Date "2014.06.10"]
[Round "5"]
[White "Tamrazyan, Gohar"]
[Black "Kung, Fanny"]
[Result "1-0"]
[Termination "normal"]
[Board "25"]
[WhiteElo "1483"]
[BlackElo "1118"]
[PlyCount "117"]
[WhiteFideId "1330799"]
[BlackFideId "12987689"]
[EventCountry "GER"]
[EventRounds "9"]
[EventType "swiss"]
[EventDate "2014.06.07"]

1. d4 Nf6 2. c4 e6 3. Nc3 Bb4 4. Qc2 c5 5. e3 d5 6. a3 Bxc3+ 7. Qxc3 Ne4 8. Qc2
f5 9. cxd5 cxd4 10. exd4 exd5 11. Nf3 O-O 12. Bd3 Nc6 13. O-O Qf6 14. Qb3 Rd8
15. Bxe4 fxe4 16. Bg5 Qg6 17. Bxd8 exf3 18. Qxd5+ Be6 19. Qxf3 Rxd8 20. g3 Rxd4
21. Rad1 Rxd1 22. Rxd1 h6 23. Rd6 Qf5 24. Qe3 Bd5 25. Qe8+ Kh7 26. Kf1 Bc4+ 27.
Ke1 Qb1+ 28. Rd1 Qf5 29. Qe3 Qe5 30. Qxe5 Nxe5 31. Kd2 Nf3+ 32. Kc3 Be2 33. Rd7
Ba6 34. h4 Ne5 35. Re7 Nc6 36. Rd7 Ne5 37. Rd5 Ng4 38. f3 Nf6 39. Re5 b6 40.
Kd4 Bb7 41. f4 Nd7 42. Re7 Nc5 43. b4 Nb3+ 44. Kc3 Bd5 45. Rxa7 b5 46. f5 Nc1
47. f6 Kg6 48. fxg7 Kh7 49. g4 Ne2+ 50. Kd3 Nf4+ 51. Kd4 Be6 52. g5 Ng2 53.
gxh6 Nxh4 54. Kc5 Bc4 55. a4 Nf5 56. axb5 Bg8 57. b6 Nxh6 58. b7 Nf5 59. b8=Q
1-0

[Event "ODJM B 2014"]
[Site "Magdeburg GER"]
[Date "2014.06.10"]
[Round "5"]
[White "Hoffmann, Simon"]
[Black "Böse, Christina"]
[Result "1-0"]
[Termination "normal"]
[Board "26"]
[WhiteElo "1126"]
[BlackElo "1356"]
[PlyCount "63"]
[WhiteFideId "12979686"]
[BlackFideId "12929654"]
[EventCountry "GER"]
[EventRounds "9"]
[EventType "swiss"]
[EventDate "2014.06.07"]

1. e4 c6 2. d4 d5 3. exd5 cxd5 4. c3 Nc6 5. g3 Bf5 6. Bg2 e6 7. Bf4 Bd6 8. Bxd6
Qxd6 9. Nf3 Nf6 10. Nbd2 a6 11. Nb3 O-O 12. O-O Rac8 13. Nc5 b6 14. Nxa6 Ra8
15. Qe2 Ra7 16. Ne5 Rfa8 17. Nxc6 Qxc6 18. Nb4 Qc7 19. a3 Nd7 20. Qb5 Rc8 21.
Rfe1 Ra5 22. Qe2 Qc4 23. Qxc4 dxc4 24. Nc6 Raa8 25. Ne7+ Kf8 26. Bxa8 Rxa8 27.
Nxf5 exf5 28. Re3 Nf6 29. Rae1 Rb8 30. Re7 b5 31. Rc7 Rb6 32. Rc8+ 1-0

[Event "ODJM B 2014"]
[Site "Magdeburg GER"]
[Date "2014.06.10"]
[Round "5"]
[White "Zimmer, Claudius"]
[Black "Matuschak, Henry"]
[Result "1-0"]
[Termination "normal"]
[Board "28"]
[WhiteElo "1081"]
[BlackElo "1153"]
[PlyCount "109"]
[EventCountry "GER"]
[EventRounds "9"]
[EventType "swiss"]
[EventDate "2014.06.07"]

1. e4 e5 2. Nf3 Nc6 3. d4 exd4 4. Bc4 Bc5 5. c3 dxc3 6. Bxf7+ Kxf7 7. Qd5+ Ke8
8. Qh5+ g6 9. Qxc5 d6 10. Qxc3 Nf6 11. Bg5 Rf8 12. Nbd2 Qe7 13. O-O Bg4 14.
Rfe1 Ne5 15. Nxe5 dxe5 16. Bxf6 Qxf6 17. f3 Rd8 18. Nc4 Be6 19. Nxe5 c6 20.
Rec1 g5 21. Nc4 Qf4 22. Qe5 Qf7 23. Nd6+ Rxd6 24. Qxd6 Qd7 25. Qxd7+ Kxd7 26.
h3 b6 27. a3 c5 28. Rc3 h5 29. a4 a5 30. Rd1+ Ke7 31. Rcd3 Rb8 32. Rf1 Bc4 33.
Rfd1 Bxd3 34. Rxd3 Ke6 35. g3 Rg8 36. Rb3 Rb8 37. f4 gxf4 38. gxf4 Kd6 39. Kf2
Kc6 40. Kf3 Rf8 41. f5 Rg8 42. Rd3 h4 43. b3 c4 44. bxc4 Kc5 45. Kf4 Kxc4 46.
Rd6 Kc5 47. e5 b5 48. axb5 Kxb5 49. f6 a4 50. f7 Ra8 51. Rf6 a3 52. f8=Q Rxf8
53. Rxf8 Kb4 54. Ra8 Kb3 55. Rxa3+ 1-0

[Event "ODJM B 2014"]
[Site "Magdeburg GER"]
[Date "2014.06.10"]
[Round "5"]
[White "Jäger, Gustav"]
[Black "Franz, Franz Theodor"]
[Result "0-1"]
[Termination "normal"]
[Board "29"]
[WhiteElo "1152"]
[BlackElo "1048"]
[PlyCount "62"]
[WhiteFideId "12957364"]
[BlackFideId "12992674"]
[EventCountry "GER"]
[EventRounds "9"]
[EventType "swiss"]
[EventDate "2014.06.07"]

1. e4 e5 2. Nf3 Nc6 3. Bc4 Nf6 4. d3 Be7 5. Nc3 O-O 6. Be3 d6 7. h3 Be6 8. Bb3
h6 9. Qd2 Na5 10. O-O c6 11. Bxe6 fxe6 12. b4 d5 13. bxa5 d4 14. Nxe5 dxe3 15.
fxe3 Qxa5 16. Ng6 Bb4 17. Rab1 Bxc3 18. Qe2 Rfe8 19. Rxb7 Qa6 20. Rfb1 Kh7 21.
Nf4 Ba5 22. e5 Bb6 23. Rf7 Kg8 24. Rxg7+ Kxg7 25. exf6+ Kxf6 26. Nh5+ Ke7 27.
Rb2 Rab8 28. Kh1 Bc7 29. Rxb8 Rxb8 30. Qf3 Rb1+ 31. Qf1 Rxf1# 0-1

[Event "ODJM B 2014"]
[Site "Magdeburg GER"]
[Date "2014.06.10"]
[Round "5"]
[White "Kostanyan, Hakob"]
[Black "Friedrich, Laura"]
[Result "1-0"]
[Termination "normal"]
[Board "30"]
[WhiteElo "1178"]
[BlackElo "1036"]
[PlyCount "113"]
[WhiteFideId "12977683"]
[BlackFideId "12952249"]
[EventCountry "GER"]
[EventRounds "9"]
[EventType "swiss"]
[EventDate "2014.06.07"]

1. e4 e5 2. Nf3 Nc6 3. Bc4 Nf6 4. d4 exd4 5. O-O Bc5 6. e5 d5 7. exf6 dxc4 8.
Re1+ Kf8 9. fxg7+ Kxg7 10. Ng5 h6 11. Nxf7 Kxf7 12. Qh5+ Kf8 13. Qxc5+ Ne7 14.
Qxc4 Bf5 15. Bf4 c6 16. Be5 Rg8 17. Bf6 Qd5 18. Bxe7+ Kf7 19. Qxd5+ cxd5 20.
Bc5 Rae8 21. Na3 d3 22. cxd3 Bxd3 23. Rxe8 Rxe8 24. Rd1 h5 25. g3 Be4 26. Nb5
Bf3 27. Nd6+ Ke6 28. Re1+ Kd7 29. Nxe8 Kc6 30. Bxa7 b6 31. Re3 Bg4 32. Nf6 Bh3
33. Nxh5 Kb7 34. Re7+ Ka6 35. Nf6 d4 36. g4 d3 37. Rd7 d2 38. Rxd2 Kxa7 39. Rd3
Bxg4 40. Nxg4 Ka6 41. f4 Ka5 42. f5 Kb5 43. f6 Kc4 44. Ne5+ Kc5 45. f7 Kb5 46.
f8=Q Ka6 47. Qa8+ Kb5 48. Rb3+ Kc5 49. Qc8+ Kd5 50. Rd3+ Ke4 51. Qc4+ Kxe5 52.
Qd4+ Kf5 53. Re3 Kg5 54. h4+ Kg6 55. Qe5 Kh6 56. Rg3 Kh7 57. Qh5# 1-0

[Event "ODJM B 2014"]
[Site "Magdeburg GER"]
[Date "2014.06.10"]
[Round "5"]
[White "Bardorz, Stefan"]
[Black "Groskurt, Benjamin"]
[Result "1-0"]
[Termination "normal"]
[Board "31"]
[WhiteElo "1047"]
[BlackElo "1141"]
[PlyCount "69"]
[WhiteFideId "16245474"]
[EventCountry "GER"]
[EventRounds "9"]
[EventType "swiss"]
[EventDate "2014.06.07"]

1. c4 e5 2. Nc3 Bc5 3. g3 Nf6 4. Bg2 c6 5. Nf3 e4 6. Ng5 d5 7. cxd5 cxd5 8. O-O
Bf5 9. d3 exd3 10. exd3 O-O 11. Be3 b6 12. Bxc5 bxc5 13. Nh3 Bxh3 14. Bxh3 Nc6
15. Re1 Rb8 16. b3 d4 17. Ne4 Nxe4 18. Rxe4 h6 19. Qc2 Qd6 20. Qe2 Nb4 21. Rc1
Qc6 22. Bg2 Rfe8 23. Rxe8+ Rxe8 24. Be4 Qd6 25. a3 Nd5 26. Re1 Nc3 27. Bh7+
Kxh7 28. Qxe8 f6 29. Re7 Nd5 30. Rxa7 Nc7 31. Qe4+ g6 32. Qb7 h5 33. Qxc7+ Qxc7
34. Rxc7+ Kh6 35. Rxc5 1-0

[Event "ODJM B 2014"]
[Site "Magdeburg GER"]
[Date "2014.06.10"]
[Round "5"]
[White "Höglauer, Jenny"]
[Black "Wernecke, Tim"]
[Result "0-1"]
[Termination "normal"]
[Board "32"]
[WhiteElo "1141"]
[BlackElo "990"]
[PlyCount "136"]
[WhiteFideId "12982598"]
[BlackFideId "12997137"]
[EventCountry "GER"]
[EventRounds "9"]
[EventType "swiss"]
[EventDate "2014.06.07"]

1. e4 e5 2. Nf3 Nc6 3. Bb5 Nf6 4. d3 Bc5 5. O-O d6 6. c3 O-O 7. Re1 Bg4 8. Nbd2
a6 9. Ba4 b5 10. Bb3 d5 11. Nf1 dxe4 12. dxe4 Bh5 13. Ng3 Bxf3 14. Qxf3 Qc8 15.
Be3 Bxe3 16. Rxe3 Rd8 17. Rd1 Qg4 18. Qxg4 Nxg4 19. Rf3 Nf6 20. Rfd3 h5 21. f3
Re8 22. Nf5 g6 23. Nh6+ Kg7 24. Nxf7 Re7 25. Ng5 Rae8 26. Nh3 Na5 27. Bc2 Nc4
28. Rb1 c5 29. b4 Na3 30. Rb2 c4 31. Rd2 Nxc2 32. Rbxc2 Kh6 33. Rd6 Re6 34.
Rcd2 g5 35. Nf2 g4 36. fxg4 hxg4 37. h3 Kg5 38. hxg4 Nxg4 39. Nxg4 Kxg4 40.
Rxe6 Rxe6 41. Rf2 Kg3 42. Rf3+ Kg4 43. Kf2 Rd6 44. Rf5 Rd3 45. Rxe5 Kf4 46. Re6
Rxc3 47. Rxa6 Kxe4 48. a4 bxa4 49. Rxa4 Rb3 50. b5 Kd3 51. Ra1 Rxb5 52. Rd1+
Kc2 53. Ke2 Re5+ 54. Kf3 Kxd1 55. g4 Rg5 56. Kf4 Rxg4+ 57. Kxg4 c3 58. Kf3 c2
59. Ke4 c1=Q 60. Kd5 Qf4 61. Ke6 Qg5 62. Kd6 Qf5 63. Kc6 Qe5 64. Kd7 Qf6 65.
Kc7 Qe6 66. Kd8 Qf7 67. Kc8 Qe7 68. Kb8 Qd7 0-1

[Event "ODJM B 2014"]
[Site "Magdeburg GER"]
[Date "2014.06.10"]
[Round "5"]
[White "Lohrmann, Linus"]
[Black "Katholy, Joshua"]
[Result "0-1"]
[Termination "normal"]
[Board "33"]
[WhiteElo "978"]
[BlackElo "1104"]
[PlyCount "62"]
[WhiteFideId "12982857"]
[BlackFideId "12990647"]
[EventCountry "GER"]
[EventRounds "9"]
[EventType "swiss"]
[EventDate "2014.06.07"]

1. e4 e5 2. Nf3 Nc6 3. Bc4 Nf6 4. Nc3 Bc5 5. O-O d6 6. d3 Bg4 7. Ne2 Bxf3 8.
gxf3 Qd7 9. Kh1 O-O-O 10. Rg1 g6 11. Qf1 h6 12. Ng3 Nd4 13. Qd1 Rdg8 14. f4 Rg7
15. f5 gxf5 16. Nxf5 Rg6 17. Rxg6 fxg6 18. Nxh6 Qh3 19. Be6+ Qxe6 20. c3 Nb5
21. Be3 Bxe3 22. Nf7 Qxf7 23. fxe3 d5 24. Qf1 dxe4 25. dxe4 Nd6 26. c4 Qh7 27.
h3 Ndxe4 28. Rd1 Ng3+ 29. Kg1 Nxf1 30. Rxf1 Qxh3 31. Rf2 Qh1# 0-1

[Event "ODJM B 2014"]
[Site "Magdeburg GER"]
[Date "2014.06.10"]
[Round "5"]
[White "Maar, Felicitas"]
[Black "Meinschien, Nick"]
[Result "0-1"]
[Termination "normal"]
[Board "34"]
[WhiteElo "1087"]
[BlackElo "996"]
[PlyCount "106"]
[WhiteFideId "12952648"]
[BlackFideId "12989673"]
[EventCountry "GER"]
[EventRounds "9"]
[EventType "swiss"]
[EventDate "2014.06.07"]

1. e4 e5 2. Nf3 Nc6 3. Nc3 Bc5 4. Bb5 d6 5. d3 Nf6 6. h3 a6 7. Bxc6+ bxc6 8.
O-O h6 9. Be3 Ba7 10. Qd2 c5 11. Ne2 Be6 12. Nh2 Rb8 13. b3 c6 14. Ng3 Qc8 15.
f3 d5 16. f4 d4 17. Bf2 exf4 18. Qxf4 O-O 19. Nf5 Bxf5 20. exf5 Bb6 21. Ng4
Nxg4 22. Qxg4 Qd8 23. Bh4 f6 24. Rf3 Bc7 25. Bg3 Bxg3 26. Rxg3 Rb7 27. Rb1 Rff7
28. Qh5 Kh7 29. Qg6+ Kg8 30. Qxh6 Kf8 31. Qh8+ Ke7 32. Re1+ Kd7 33. Qxd8+ Kxd8
34. Re6 Rbc7 35. Rg4 Kc8 36. Re8+ Kb7 37. b4 cxb4 38. Rxd4 c5 39. Rdd8 Kb6 40.
Re6+ Kb5 41. Re1 Ka4 42. Rd6 a5 43. Re4 Ka3 44. Ra6 a4 45. Re3 Kxa2 46. Rxa4+
Kb2 47. d4 Kxc2 48. Ra2+ Kd1 49. Rf3 Rfe7 50. Rff2 cxd4 51. Rad2+ Kc1 52. Rxd4
b3 53. Ra4 Re1+ 0-1

[Event "ODJM B 2014"]
[Site "Magdeburg GER"]
[Date "2014.06.10"]
[Round "5"]
[White "Hostmann, Hannes"]
[Black "Rößl, Mira"]
[Result "1-0"]
[Termination "normal"]
[Board "35"]
[WhiteElo "1081"]
[BlackElo "725"]
[PlyCount "49"]
[WhiteFideId "16277619"]
[EventCountry "GER"]
[EventRounds "9"]
[EventType "swiss"]
[EventDate "2014.06.07"]

1. c4 e5 2. Nc3 Nf6 3. d3 Bb4 4. g3 d6 5. Bg2 Nc6 6. Bd2 Be6 7. Qa4 O-O 8. Bxc6
bxc6 9. Qxb4 c5 10. Qa4 Qb8 11. Qc2 Qb7 12. Nf3 d5 13. cxd5 Bxd5 14. e4 Be6 15.
Nxe5 Ng4 16. Nxg4 Bxg4 17. O-O Bh3 18. Rfe1 f5 19. Ne2 Rfe8 20. Nf4 g5 21. Nxh3
g4 22. Nf4 fxe4 23. Qc4+ Kh8 24. Bc3+ Re5 25. Bxe5# 1-0

[Event "ODJM B 2014"]
[Site "Magdeburg GER"]
[Date "2014.06.10"]
[Round "5"]
[White "Currenti, Alessandro"]
[Black "Reyher, Bastian"]
[Result "1-0"]
[Termination "normal"]
[Board "37"]
[WhiteElo "903"]
[BlackElo "1059"]
[PlyCount "103"]
[WhiteFideId "12998907"]
[BlackFideId "12927465"]
[EventCountry "GER"]
[EventRounds "9"]
[EventType "swiss"]
[EventDate "2014.06.07"]

1. e4 e5 2. Nf3 Nc6 3. d4 Bb4+ 4. Nc3 d6 5. Bb5 Bd7 6. d5 Nce7 7. O-O Bxc3 8.
bxc3 Bxb5 9. Re1 Nf6 10. Bg5 Ng6 11. Rb1 a6 12. Qc1 O-O 13. Bh4 Nxh4 14. Nxh4
Ng4 15. Nf3 h6 16. h3 Nf6 17. Nh4 Nh5 18. Nf5 c6 19. Qd1 g6 20. Nxh6+ Kh7 21.
Ng4 Qb6 22. Qc1 Nf4 23. Nf6+ Kg7 24. Nd7 Qd8 25. Nxf8 Qxf8 26. dxc6 Bxc6 27. g3
Nxh3+ 28. Kg2 Qh8 29. Rh1 d5 30. Rxh3 Qc8 31. Qh6+ Kf6 32. Rbh1 Qxh3+ 33. Rxh3
dxe4 34. Qh4+ Ke6 35. Qg4+ f5 36. Qxg6+ Kd5 37. Qf7+ Kc5 38. Qxf5 e3+ 39. f3
Kd5 40. Qe4+ Kd6 41. Qxe3 Re8 42. Rh6+ Re6 43. Rxe6+ Kxe6 44. g4 b5 45. g5 Kf7
46. Qb6 Bd5 47. Qf6+ Ke8 48. Qxe5+ Kf8 49. Qxd5 Kg7 50. Qd8 Kg6 51. Qf6+ Kh5
52. Qh6# 1-0

[Event "ODJM B 2014"]
[Site "Magdeburg GER"]
[Date "2014.06.10"]
[Round "5"]
[White "Schott, Jan"]
[Black "Norf, Lasse"]
[Result "1-0"]
[Termination "normal"]
[Board "38"]
[WhiteElo "855"]
[BlackElo "923"]
[PlyCount "131"]
[EventCountry "GER"]
[EventRounds "9"]
[EventType "swiss"]
[EventDate "2014.06.07"]

1. e4 e5 2. Nf3 Nc6 3. Bc4 Bc5 4. c3 Nf6 5. d4 exd4 6. cxd4 Bb4+ 7. Nc3 Nxe4 8.
O-O Nxc3 9. bxc3 Bxc3 10. Rb1 O-O 11. Ba3 Re8 12. Qb3 Bxd4 13. Bxf7+ Kh8 14.
Bxe8 Qxe8 15. Rfe1 Qg6 16. Rbd1 Bb6 17. Re2 d6 18. Nh4 Qh5 19. Rde1 Bd7 20. Qc4
Ne5 21. Qb4 Nd3 22. Qc3 Nxe1 23. Bb2 Qg5 24. Rxe1 Re8 25. Rxe8+ Bxe8 26. Nf3
Qf6 27. Qxf6 gxf6 28. h4 Bh5 29. Nd2 c5 30. Bxf6+ Kg8 31. Ne4 d5 32. Ng3 Bf7
33. h5 d4 34. h6 d3 35. Kf1 Ba5 36. Nf5 Bxa2 37. g4 Bb3 38. Ne3 d2 39. Ke2 Kf7
40. g5 Kg6 41. f4 Be6 42. Kf3 b5 43. f5+ Kf7 44. g6+ hxg6 45. h7 Kxf6 46. h8=Q+
Kg5 47. Qg7 Bxf5 48. Nxf5 Kxf5 49. Ke2 c4 50. Qxa7 c3 51. Qxa5 c2 52. Qxb5+ Kf6
53. Kxd2 c1=Q+ 54. Kxc1 g5 55. Kd2 Kg6 56. Ke3 Kh5 57. Kf3 Kh4 58. Qc4+ Kh5 59.
Qg4+ Kh6 60. Ke4 Kg6 61. Qe6+ Kg7 62. Kf5 Kh7 63. Qg6+ Kh8 64. Qxg5 Kh7 65. Kf6
Kh8 66. Qg7# 1-0